Расширение компьютерной модели трёхфазного двухобмоточного трансформатора до возможности моделирования схемы "зигзаг"; Вестник науки Сибири; № 4 (14)
| Parent link: | Вестник науки Сибири: электронный научный журнал/ Томский политехнический университет (ТПУ).— , 2011-.— 2226-0064 № 4 (14).— 2014.— [С. 1-8] |
|---|---|
| Glavni avtor: | |
| Izvleček: | Заглавие с титульного листа Актуальность работы обусловлена широким использованием в современных схемах питания силовых полупроводниковых преобразователей трёхфазных фазосдвигающих трансформаторов, в том числе со схемой соединения обмотки "зигзаг". В связи с этим возникает необходимость в разработке компьютерных моделей таких трансформаторов. Цель работы - предоставить на основе результатов моделирования тестовых режимов подтверждение корректности отражения в предложенной модели трансформатора сильной магнитной связи между фазами за счёт наличия единого магнитопровода; рссказать о способе расширения ранее разработанной компьютерной модели трёхфазного двухобмоточного трансформатора до трёхобмоточного, а также до возможности моделирования схемы "зигзаг". |
| Jezik: | ruščina |
| Izdano: |
2014
|
| Serija: | Энергетика |
| Teme: | |
| Online dostop: | http://earchive.tpu.ru/handle/11683/16736 |
| Format: | Elektronski Book Chapter |
| KOHA link: | https://koha.lib.tpu.ru/cgi-bin/koha/opac-detail.pl?biblionumber=539870 |
MARC
| LEADER | 00000naa2a2200000 4500 | ||
|---|---|---|---|
| 001 | 539870 | ||
| 005 | 20231101114446.0 | ||
| 035 | |a (RuTPU)RU\TPU\prd\229695 | ||
| 035 | |a RU\TPU\prd\222894 | ||
| 090 | |a 539870 | ||
| 100 | |a 20150115d2014 k y0rusy50 ca | ||
| 101 | 0 | |a rus | |
| 102 | |a RU | ||
| 135 | |a drcn ---uucaa | ||
| 181 | 0 | |a i | |
| 182 | 0 | |a b | |
| 200 | 1 | |a Расширение компьютерной модели трёхфазного двухобмоточного трансформатора до возможности моделирования схемы "зигзаг" |f М. Ю. Пустоветов | |
| 203 | |a Текст |c электронный | ||
| 215 | |a 1 файл (594 Кб) | ||
| 225 | 1 | |a Энергетика | |
| 230 | |a Электронные текстовые данные (1 файл : 594 Кб) | ||
| 300 | |a Заглавие с титульного листа | ||
| 320 | |a [Библиогр.: с. 7-8 (23 назв.)] | ||
| 330 | |a Актуальность работы обусловлена широким использованием в современных схемах питания силовых полупроводниковых преобразователей трёхфазных фазосдвигающих трансформаторов, в том числе со схемой соединения обмотки "зигзаг". В связи с этим возникает необходимость в разработке компьютерных моделей таких трансформаторов. Цель работы - предоставить на основе результатов моделирования тестовых режимов подтверждение корректности отражения в предложенной модели трансформатора сильной магнитной связи между фазами за счёт наличия единого магнитопровода; рссказать о способе расширения ранее разработанной компьютерной модели трёхфазного двухобмоточного трансформатора до трёхобмоточного, а также до возможности моделирования схемы "зигзаг". | ||
| 337 | |a Adobe Reader | ||
| 461 | 1 | |0 (RuTPU)RU\TPU\prd\143680 |x 2226-0064 |t Вестник науки Сибири |o электронный научный журнал |f Томский политехнический университет (ТПУ) |d 2011- | |
| 463 | 1 | |0 (RuTPU)RU\TPU\prd\229694 |t № 4 (14) |v [С. 1-8] |d 2014 | |
| 610 | 1 | |a труды учёных ТПУ | |
| 610 | 1 | |a электронный ресурс | |
| 610 | 1 | |a компьютерные модели | |
| 610 | 1 | |a трехфазные трансформаторы | |
| 610 | 1 | |a двухобмоточные трансформаторы | |
| 610 | 1 | |a полупроводниковые преобразователи | |
| 610 | 1 | |a обмотки | |
| 700 | 1 | |a Пустоветов |b М. Ю. | |
| 801 | 1 | |a RU |b 63413507 |c 20090623 |g PSBO | |
| 801 | 2 | |a RU |b 63413507 |c 20180112 |g PSBO | |
| 856 | 4 | |u http://earchive.tpu.ru/handle/11683/16736 | |
| 942 | |c BK | ||